| 000 | 00577cam a2200229Ia 4500 | ||
|---|---|---|---|
| 020 | _a1590525868 | ||
| 020 | _a9781590525869 | ||
| 040 | _cUWB | ||
| 082 | 0 | 4 | _a813 MUL 2006 A120 Or. |
| 100 | 1 | _aGunn, Robin Jones, | |
| 245 | 1 | 0 | _aChristy Miller collection. |
| 246 | 3 | _aTrue friends | |
| 246 | 3 | _aStarry night | |
| 246 | 3 | _aSeventeen wishes | |
| 260 |
_aSisters, OR : _bMultnomah Publishers, _cc2006. |
||
| 300 |
_a470 p. ; _c22 cm. |
||
| 500 | _a"(Books 7-9)" | ||
| 650 | 0 | _aFriendship | |
| 650 | 0 | _aChristian life | |
| 650 | 0 | _aYoung adult fiction. | |
| 942 | _cEK | ||
| 999 |
_c16524 _d16524 |
||